| 000 | 00866nam a2200229Ia 4500 | ||
|---|---|---|---|
| 003 | Ost | ||
| 005 | 20260507075646.0 | ||
| 008 | 260507s9999||||xx |||||||||||||| ||und|| | ||
| 020 | _a1755785977 | ||
| 040 | _cfsecg | ||
| 041 | _aara | ||
| 082 | _a5.8 | ||
| 100 |
_aحسين، فاروق سيد _eمؤلف |
||
| 245 | 0 |
_aإتصالات البيانات وتأمينها / _c فاروق سيد حسين |
|
| 260 |
_aالجيزة: _bهلا للنشر والتوزيع, _c2002 |
||
| 300 |
_a179 صفحة؛ _bإيضاحات ؛ _c24 سم |
||
| 520 | _aمقدمة عن إتصالات البيانات- الوسائط وإرسال البيانات-الأمن واستعمال الشبكة والنظم الموزعة- مقدمة عن الشبكات. | ||
| 653 | _aالإتصالات | ||
| 653 | _aالبيانات | ||
| 653 | _aالشبكات | ||
| 942 | _cكتاب | ||
| 999 |
_c45493 _d45493 |
||